| 000 | 00423nam a22001577a 4500 | ||
|---|---|---|---|
| 003 | ASAB | ||
| 005 | 20180827062550.0 | ||
| 008 | 151005t xxu||||| |||| 00| 0 eng d | ||
| 020 | _a81-239-0812-1 | ||
| 040 | _cASAB | ||
| 245 | _aHerbs, Spices, And Medicinal Plants | ||
| 246 | _aherbs spices and medicinal plants | ||
| 300 | _avarious pages | ||
| 440 |
_aCBS medicinal plants series in 4 vols _92248 |
||
| 942 |
_2ddc _cBK |
||
| 999 |
_c479849 _d479849 |
||